Kỹ thuật phơi và bảo quản kín lúa giống
Sparad:
| Institutionell upphovsman: | |
|---|---|
| Materialtyp: | Bok |
| Språk: | Undetermined |
| Publicerad: |
Hà Nội
Nông nghiệp
2006
|
| Ämnen: | |
| Taggar: |
Lägg till en tagg
Inga taggar, Lägg till första taggen!
|
| Thư viện lưu trữ: | Trung tâm Học liệu Trường Đại học Cần Thơ |
|---|
| LEADER | 00766nam a2200205Ia 4500 | ||
|---|---|---|---|
| 001 | CTU_128931 | ||
| 008 | 210402s9999 xx 000 0 und d | ||
| 020 | |c 8500 | ||
| 082 | |a 664.0284 | ||
| 082 | |b V305 | ||
| 110 | |a Bộ nông nghiệp & PTNT. Vụ khoa học & công nghệ. Viện cơ điện NN & công nghệ STH | ||
| 245 | 0 | |a Kỹ thuật phơi và bảo quản kín lúa giống | |
| 245 | 0 | |c Bộ nông nghiệp & PTNT. Vụ khoa học & công nghệ. Viện cơ điện NN & công nghệ STH | |
| 260 | |a Hà Nội | ||
| 260 | |b Nông nghiệp | ||
| 260 | |c 2006 | ||
| 650 | |a Field crops,Rice | ||
| 650 | |x Processing | ||
| 904 | |i Tuyến | ||
| 980 | |a Trung tâm Học liệu Trường Đại học Cần Thơ | ||